Statistics for Sort the 14 Eight-thousander Mountains!

Click here to take the quiz!

General Stats

  • This quiz has been taken 97 times
  • The average score is 5 of 14

Answer Stats

HINTHINT#First n mountains% Correct
A. Annapurna INepalTop 1E
100%
B. Broad PeakChina/PakistanTop 2EH
40%
C. Cho OyuNepal/ChinaTop 3EHI
39%
D. Dhaulagiri INepalTop 4EHIJ
39%
E. EverestNepal/ChinaTop 5EHIJK
36%
F. Gasherbrum I (Hidden Peak)China/PakistanTop 6EHIJKC
34%
G. Gasherbrum IIChina/PakistanTop 7EHIJKCD
31%
H. K2China/PakistanTop 8EHIJKCDL
30%
I. KangchenjungaNepal/IndiaTop 9EHIJKCDLM
27%
J. LhotseNepal/ChinaTop 10EHIJKCDLMA
25%
K. MakaluNepal/ChinaTop 11EHIJKCDLMAF
22%
L. ManasluNepalTop 12EHIJKCDLMAFB
21%
M. Nanga ParbatPakistanTop 13EHIJKCDLMAFBG
16%
N. ShishapangmaChinaTop 14EHIJKCDLMAFBGN
13%

Score Distribution

Percentile by Number Answered

Percent of People with Each Score

Your Score History

You have not taken this quiz